书目信息 |
| 题名: |
微分方程数值解法基础教程
|
|
| 作者: | 林群 编著 | |
| 分册: | ||
| 出版信息: | 北京 科学出版社 2003.06 |
|
| 页数: | 252页 | |
| 开本: | 24cm | |
| 丛书名: | ||
| 单 册: | ||
| 中图分类: | O241.8 | |
| 科图分类: | ||
| 主题词: | 计算数学 | |
| 电子资源: | ||
| ISBN: | 7-03-011301-2 | |
| 000 | 00615nam0 2200217 450 | |
| 001 | 0435079739 | |
| 005 | 20050913155948.55 | |
| 010 | @a7-03-011301-2@dCNY 23.00 | |
| 100 | @a20040409d2003 km y0chiy0120 ea | |
| 101 | 0 | @achi |
| 102 | @aCN@b110000 | |
| 200 | 1 | @a微分方程数值解法基础教程@Awei fen fang cheng shu zhi jie fa ji chu jiao cheng@f林群编著@Flin qun bian zhu |
| 205 | @a2版 | |
| 210 | @a北京@c科学出版社@d2003.06 | |
| 215 | @a252页@d24cm | |
| 300 | @a21世纪高等院校教材 | |
| 606 | 0 | @a计算数学 |
| 690 | @aO241.8@v4 | |
| 701 | 0 | @a林群@Alin qun@4编著 |
| 801 | 0 | @c20050913 |
| 905 | @a10447@dO241.8@eL515 | |
| 微分方程数值解法基础教程/林群编著.-2版.-北京:科学出版社,2003.06 |
| 252页;24cm |
| 21世纪高等院校教材 |
| ISBN 7-03-011301-2:CNY 23.00 |
| ● |
| 相关链接 |
|
|
|
正题名:微分方程数值解法基础教程
索取号:O241.8/L515
 
预约/预借
| 序号 | 登录号 | 条形码 | 馆藏地/架位号 | 状态 | 备注 |
| 1 | 551874 | 205518741 | 自科库401/401自科库 49排5列5层/ [索取号:O241.8/L515] | 在馆 | |
| 2 | 551875 | 205518750 | 自科库401/401自科库 49排5列5层/ [索取号:O241.8/L515] | 在馆 | |
| 3 | 551876 | 205518769 | 自科库401/401自科库 49排5列5层/ [索取号:O241.8/L515] | 在馆 |